[Event "US op 122nd"]
[Site "Rancho Mirage"]
[Date "2022.08.06"]
[Round "8"]
[White "Hakobyan, Eduard"]
[Black "Liu, Eric"]
[Result "1/2-1/2"]
[WhiteElo "2329"]
[BlackElo "2190"]
[PlyCount "69"]
[EventDate "2022.07.30"]
[EventType "swiss"]
[EventRounds "9"]
[EventCountry "USA"]
[SourceTitle "CBM 209 Extra"]
[Source "ChessBase"]
[SourceDate "2022.09.30"]
[SourceVersion "1"]
[SourceVersionDate "2022.09.30"]
[SourceQuality "1"]

1. e4 c5 2. Nf3 d6 3. d4 cxd4 4. Nxd4 Nf6 5. Nc3 a6 6. Be3 e5 7. Nf3 Be7 8. Bc4 0-0 9. 0-0 Nc6 10. Bg5 Be6 11. Bb3 Nd7 12. Bxe7 Qxe7 13. Nd5 Bxd5 14. Bxd5 Nb4 15. Re1 Nxd5 16. Qxd5 Nf6 17. Qd3 Rac8 18. c4 Rc6 19. Rad1 Rfc8 20. b3 Nd7 21. Qe2 Nc5 22. g3 Ne6 23. Rd2 g6 24. Red1 Rb8 25. h4 h5 26. Qe3 b5 27. cxb5 axb5 28. b4 Rbb6 29. a3 Kg7 30. Rd3 Qc7 31. Kg2 Rc4 32. Rd5 Rc3 33. R1d3 Rxd3 34. Qxd3 Qc6 35. Qe2 1/2-1/2

[Event "US op 122nd"]
[Site "Rancho Mirage"]
[Date "2022.08.02"]
[Round "4"]
[White "Hakobyan, Eduard"]
[Black "Naroditsky, Daniel"]
[Result "0-1"]
[WhiteElo "2329"]
[BlackElo "2617"]
[PlyCount "140"]
[EventDate "2022.07.30"]
[EventType "swiss"]
[EventRounds "9"]
[EventCountry "USA"]
[SourceTitle "CBM 209 Extra"]
[Source "ChessBase"]
[SourceDate "2022.09.30"]
[SourceVersion "1"]
[SourceVersionDate "2022.09.30"]
[SourceQuality "1"]

1. e4 e5 2. Nf3 Nc6 3. Bb5 a6 4. Ba4 d6 5. c3 Bd7 6. 0-0 Nf6 7. Re1 g6 8. d4 Bg7 9. Nbd2 exd4 10. cxd4 0-0 11. h3 Nb4 12. e5 Nfd5 13. Bb3 Nf4 14. Ne4 Nbd3 15. Bxf4 Nxf4 16. Qd2 dxe5 17. dxe5 Ne6 18. Rad1 Bc6 19. Nf6+ Bxf6 20. Qc3 Be7 21. Rxd8 Raxd8 22. Nd2 Nc5 23. Bc2 Rd7 24. Ne4 Bxe4 25. Bxe4 c6 26. Bc2 Rfd8 27. Re2 Ne6 28. Bb3 Rd3 29. Qc2 Nf4 30. Re1 Rd2 31. Qc4 Ne6 32. Qc1 Nf4 33. Qc4 Ne6 34. Qc1 Nf4 35. Bc4 b5 36. Bf1 c5 37. g3 Ne6 38. Bg2 c4 39. Kh1 Rxf2 40. Rf1 Rfd2 41. h4 Bc5 42. Bh3 Ng7 43. Qe1 Rxb2 44. Qe4 Nf5 45. Rxf5 gxf5 46. Qxf5 Be7 47. e6 c3 48. Bf1 fxe6 49. Qxe6+ Kf8 50. Qh6+ Kg8 51. Qe6+ Kf8 52. Qh6+ Ke8 53. Qh5+ Kd7 54. Qd5+ Bd6 55. Qb7+ Ke8 56. Qc6+ Kf8 57. Qf3+ Kg8 58. Qd5+ Kh8 59. Qd4+ Kg8 60. Qd5+ Kh8 61. Qd4+ Kg8 62. Qf6 Rf8 63. Qg5+ Kh8 64. Bd3 c2 65. Qe3 Rb1+ 66. Kg2 c1Q 67. Qd4+ Kg8 68. Qg4+ Kf7 69. Qd7+ Be7 70. Qf5+ Ke8 0-1

[Event "Hollywood Classic  1st"]
[Site "Los Angeles"]
[Date "2022.07.23"]
[Round "7"]
[White "Fong, Kevin"]
[Black "Hakobyan, Eduard"]
[Result "1/2-1/2"]
[WhiteElo "2016"]
[BlackElo "2329"]
[PlyCount "53"]
[EventDate "2022.07.20"]
[EventType "tourn"]
[EventRounds "9"]
[EventCountry "USA"]
[EventCategory "2"]
[SourceTitle "CBM 209 Extra"]
[Source "ChessBase"]
[SourceDate "2022.09.30"]
[SourceVersion "1"]
[SourceVersionDate "2022.09.30"]
[SourceQuality "1"]

1. e4 c6 2. Nf3 d5 3. d3 dxe4 4. dxe4 Qxd1+ 5. Kxd1 Nf6 6. Nfd2 g5 7. a4 Nbd7 8. a5 Nc5 9. Nc3 Ng4 10. Ke1 Bg7 11. h3 Ne5 12. Be2 Ng6 13. Nd1 Nf4 14. Bf1 f5 15. exf5 Bxf5 16. Ne3 Bg6 17. Nf3 0-0-0 18. Nxg5 Rhf8 19. Ra3 h6 20. Nf3 Bh5 21. Nh4 Ne4 22. g4 Bf6 23. Nhg2 Nxg2+ 24. Bxg2 Bh4 25. Bxe4 Rxf2 26. gxh5 Rf5+ 27. Ke2 1/2-1/2

[Event "Hollywood Classic  1st"]
[Site "Los Angeles"]
[Date "2022.07.22"]
[Round "4"]
[White "Matviishen, Viktor"]
[Black "Hakobyan, Eduard"]
[Result "1/2-1/2"]
[WhiteElo "2490"]
[BlackElo "2329"]
[PlyCount "64"]
[EventDate "2022.07.20"]
[EventType "tourn"]
[EventRounds "9"]
[EventCountry "USA"]
[EventCategory "2"]
[SourceTitle "CBM 209 Extra"]
[Source "ChessBase"]
[SourceDate "2022.09.30"]
[SourceVersion "1"]
[SourceVersionDate "2022.09.30"]
[SourceQuality "1"]

1. d4 Nf6 2. c4 e6 3. Nf3 c5 4. d5 d6 5. Nc3 exd5 6. cxd5 g6 7. Nd2 Bg7 8. e4 0-0 9. Be2 Re8 10. 0-0 Na6 11. Re1 Nc7 12. a4 b6 13. Qc2 Rb8 14. Nc4 Ba6 15. Bg5 h6 16. Bh4 g5 17. Bg3 Bxc4 18. Bxc4 Nh5 19. Nb5 Nxg3 20. hxg3 Nxb5 21. axb5 Rb7 22. g4 Qf6 23. g3 Rbe7 24. Ra4 Qxb2 25. Qxb2 Bxb2 26. Bd3 Kg7 27. Kg2 Bc3 28. Re2 Rh8 29. Rea2 Ba5 30. Be2 Rhe8 31. f3 Rh8 32. f4 Rhe8 1/2-1/2

[Event "Las Vegas National op"]
[Site "Las Vegas"]
[Date "2022.06.11"]
[Round "7"]
[White "Mikaelyan, Arman"]
[Black "Hakobyan, Eduard"]
[Result "1/2-1/2"]
[WhiteElo "2502"]
[BlackElo "2279"]
[PlyCount "81"]
[EventDate "2022.06.08"]
[EventType "swiss"]
[EventRounds "9"]
[EventCountry "USA"]
[SourceTitle "CBM 208 Extra"]
[Source "ChessBase"]
[SourceDate "2022.07.31"]
[SourceVersion "1"]
[SourceVersionDate "2022.07.31"]
[SourceQuality "1"]

1. d4 Nf6 2. c4 e6 3. Nc3 Bb4 4. Qc2 d5 5. a3 Bxc3+ 6. Qxc3 0-0 7. Nf3 Nbd7 8. e3 c6 9. Be2 Qc7 10. 0-0 b6 11. cxd5 exd5 12. b4 Ne4 13. Qc2 Bb7 14. Bb2 Rfe8 15. Rac1 Rac8 16. Ne5 Ndf6 17. Qa4 b5 18. Bxb5 cxb5 19. Rxc7 bxa4 20. Rxb7 Rc2 21. Ba1 Rec8 22. f3 Nd2 23. Re1 h5 24. b5 Rc1 25. Kf2 R8c2 26. Rxc1 Nde4+ 27. Ke1 Rxc1+ 28. Ke2 Nd6 29. Rxa7 Rxa1 30. Rxa4 Ra2+ 31. Kd3 Rb2 32. Ra8+ Kh7 33. a4 h4 34. Rd8 Nb7 35. Rb8 Na5 36. Ra8 Nb7 37. a5 Nd6 38. b6 Nfe4 39. fxe4 Nxe4 40. Nf3 Nf2+ 41. Kc3 1/2-1/2

[Event "Las Vegas National op"]
[Site "Las Vegas"]
[Date "2022.06.09"]
[Round "2"]
[White "Hakobyan, Eduard"]
[Black "Cordova, Emilio"]
[Result "1/2-1/2"]
[WhiteElo "2279"]
[BlackElo "2549"]
[PlyCount "104"]
[EventDate "2022.06.08"]
[EventType "swiss"]
[EventRounds "9"]
[EventCountry "USA"]
[SourceTitle "CBM 208 Extra"]
[Source "ChessBase"]
[SourceDate "2022.07.31"]
[SourceVersion "1"]
[SourceVersionDate "2022.07.31"]
[SourceQuality "1"]

1. e4 c5 2. Nf3 Nc6 3. d4 cxd4 4. Nxd4 Nf6 5. Nc3 d6 6. Bg5 Bd7 7. Qd2 Rc8 8. 0-0-0 Nxd4 9. Qxd4 Qa5 10. f4 h6 11. Bxf6 gxf6 12. Kb1 Qc5 13. f5 Qxd4 14. Rxd4 h5 15. Be2 h4 16. Nd5 Rg8 17. Bf3 Bh6 18. g3 hxg3 19. hxg3 Bg7 20. Rh7 Kf8 21. Rd2 Rh8 22. Rxh8+ Bxh8 23. c3 Bg7 24. Rh2 e6 25. Ne3 Bc6 26. Kc2 Ke7 27. Rh7 Rg8 28. Kd3 Kf8 29. Bg4 Bd7 30. Nc4 Ke7 31. Ne3 Bc6 32. Bd1 Bb5+ 33. Kd2 Bc6 34. Kd3 Bb5+ 35. c4 Bd7 36. Kd4 b6 37. b4 Bc6 38. Bc2 Bb7 39. Bb3 Kf8 40. c5 dxc5+ 41. bxc5 bxc5+ 42. Kd3 Ba6+ 43. Bc4 Bc8 44. Bb3 Rh8 45. Rxh8+ Bxh8 46. Kc4 Ke7 47. Kxc5 Bb7 48. Bc2 Bg7 49. Ng4 Ba6 50. Kd4 Be2 51. Ne3 Bh6 52. Nc4 e5+ 1/2-1/2

[Event "World op 49th"]
[Site "Philadelphia"]
[Date "2021.07.05"]
[Round "8"]
[White "Paragua, Mark"]
[Black "Hakobyan, Eduard"]
[Result "1-0"]
[WhiteElo "2502"]
[BlackElo "2190"]
[PlyCount "65"]
[EventDate "2021.07.01"]
[EventType "swiss"]
[EventRounds "9"]
[EventCountry "USA"]
[SourceTitle "EXT 2022"]
[Source "ChessBase"]
[SourceDate "2021.10.06"]
[SourceVersion "1"]
[SourceVersionDate "2021.10.06"]
[SourceQuality "1"]

1. d4 Nf6 2. Bg5 d5 3. Bxf6 exf6 4. e3 c6 5. g3 f5 6. Bg2 Nd7 7. Ne2 Nf6 8. 0-0 g6 9. c4 dxc4 10. Nd2 Be6 11. Rc1 Bg7 12. Nxc4 0-0 13. Nf4 Bd5 14. Nxd5 Nxd5 15. b4 Qd7 16. Qb3 Rfd8 17. a4 Rac8 18. Rfd1 Qe6 19. Na5 b6 20. Nb7 Rd7 21. b5 Rcc7 22. a5 Bf8 23. a6 h5 24. h4 Kg7 25. Kh2 Be7 26. Rd2 Kh7 27. Rdc2 c5 28. dxc5 bxc5 29. Nxc5 Bxc5 30. Rxc5 Rxc5 31. Rxc5 Nb6 32. Qxe6 fxe6 33. Rc6 1-0

[Event "Las Vegas National op"]
[Site "Las Vegas"]
[Date "2021.06.17"]
[Round "3"]
[White "Hakobyan, Eduard"]
[Black "Rozman, Levy"]
[Result "0-1"]
[WhiteElo "2127"]
[BlackElo "2343"]
[PlyCount "110"]
[EventDate "2021.06.16"]
[EventType "swiss"]
[EventRounds "9"]
[EventCountry "USA"]
[SourceTitle "CBM 203 Extra"]
[Source "ChessBase"]
[SourceDate "2021.09.30"]
[SourceVersion "1"]
[SourceVersionDate "2021.09.30"]
[SourceQuality "1"]

1. e4 c6 2. d4 d5 3. e5 Bf5 4. Nd2 e6 5. Nb3 Nd7 6. Nf3 h6 7. Be2 Ne7 8. 0-0 g5 9. Be3 Bg7 10. Ne1 Qc7 11. Rc1 0-0-0 12. Nd3 f6 13. exf6 Bxf6 14. Ndc5 Nxc5 15. Nxc5 e5 16. Bg4 Bxg4 17. Qxg4+ Kb8 18. Ne6 Qc8 19. dxe5 Bxe5 20. Rfe1 Rd6 21. Bxa7+ Kxa7 22. Rxe5 Ng6 23. Qh3 c5 24. Re2 Re8 25. Rce1 Ra6 26. f3 Raxe6 27. Rxe6 Nf4 28. Rxe8 Nxh3+ 29. gxh3 Qf5 30. R1e2 Qxf3 31. R8e3 Qf4 32. Kg2 g4 33. hxg4 Qxg4+ 34. Kf2 d4 35. Ra3+ Kb6 36. Rg3 Qf4+ 37. Kg2 h5 38. Rg6+ Kb5 39. h3 Qf7 40. Rg3 Qxa2 41. Rb3+ Kc6 42. Re6+ Kd5 43. Rh6 Qb1 44. Rxb7 Qxc2+ 45. Kg3 Qf5 46. Rbh7 Qg5+ 47. Kf3 Qe3+ 48. Kg2 Kc4 49. Rxh5 d3 50. Rh4+ Kb3 51. Rb7+ Ka2 52. Rd7 Kxb2 53. Rc4 Qe6 54. Rb7+ Ka3 55. Rc3+ Ka4 0-1

[Event "Dubai HOC blitz op"]
[Site "Dubai"]
[Date "2019.08.11"]
[Round "7"]
[White "Hakobyan, Eduard"]
[Black "Dimakiling, Oliver"]
[Result "1/2-1/2"]
[WhiteElo "1794"]
[BlackElo "2504"]
[PlyCount "139"]
[EventDate "2019.08.11"]
[EventType "swiss (blitz)"]
[EventRounds "9"]
[EventCountry "UAE"]
[SourceTitle "EXT 2020"]
[Source "ChessBase"]
[SourceDate "2019.10.17"]
[SourceVersion "1"]
[SourceVersionDate "2019.10.17"]
[SourceQuality "1"]

1. Nf3 g6 2. g3 Bg7 3. Bg2 e5 4. d3 d5 5. 0-0 Ne7 6. e4 0-0 7. exd5 Nxd5 8. Re1 Nc6 9. b3 a5 10. Bb2 Re8 11. Nbd2 a4 12. Nc4 f6 13. bxa4 Rxa4 14. a3 Be6 15. Qd2 Qd7 16. Ne3 Nb6 17. Rad1 Raa8 18. d4 e4 19. d5 exf3 20. Bxf3 Ne5 21. Bxe5 fxe5 22. dxe6 Qxd2 23. Rxd2 Rxe6 24. Bxb7 Rxa3 25. Nd5 Rd6 26. Red1 Nc4 27. Rd3 Ra7 28. Ne7+ Kf8 29. Bd5 Nb2 30. Nc8 Nxd3 31. Nxd6 Nxf2 32. Rf1 cxd6 33. Kxf2 Ke7 34. Ke3 Bf6 35. c4 Ra3+ 36. Ke4 Ra2 37. h4 Ra3 38. Rf3 Ra1 39. Rb3 Re1+ 40. Kf3 h5 41. Rb7+ Kd8 42. Rf7 e4+ 43. Bxe4 Bxh4 44. Bxg6 Be7 45. Bxh5 Rc1 46. Rf4 Rc3+ 47. Kg4 Kc7 48. Bf7 Kc6 49. Bd5+ Kc5 50. Rf3 Rc1 51. Kf5 Rg1 52. g4 Kd4 53. Rf4+ Kc5 54. Ke6 Bg5 55. Re4 Bh4 56. Rf4 Bg5 57. Re4 Bh4 58. Rf4 Re1+ 59. Kf7 Re5 60. Rf5 Re7+ 61. Kg6 Kd4 62. g5 Re5 63. Rxe5 dxe5 64. Kh6 e4 65. g6 Bf6 66. g7 Bxg7+ 67. Kxg7 e3 68. Bf3 Kxc4 69. Kf6 e2 70. Bxe2+ 1/2-1/2

[Event "Dubai HOC blitz op"]
[Site "Dubai"]
[Date "2019.08.11"]
[Round "2"]
[White "Hakobyan, Eduard"]
[Black "Vaibhav, Suri"]
[Result "0-1"]
[WhiteElo "1794"]
[BlackElo "2427"]
[PlyCount "80"]
[EventDate "2019.08.11"]
[EventType "swiss (blitz)"]
[EventRounds "9"]
[EventCountry "UAE"]
[SourceTitle "EXT 2020"]
[Source "ChessBase"]
[SourceDate "2019.10.17"]
[SourceVersion "1"]
[SourceVersionDate "2019.10.17"]
[SourceQuality "1"]

1. Nf3 Nf6 2. g3 d5 3. Bg2 c6 4. 0-0 Bg4 5. d3 Nbd7 6. c4 e6 7. b3 Bd6 8. Bb2 0-0 9. Nbd2 Re8 10. Qc2 a5 11. e4 dxe4 12. dxe4 e5 13. h3 Bh5 14. Rad1 Qc7 15. Nb1 Nc5 16. Nc3 Bf8 17. a3 Nfd7 18. Rd2 Ne6 19. Ne1 Nd4 20. Rxd4 exd4 21. Ne2 c5 22. Nd3 Bd6 23. f4 f6 24. g4 Bg6 25. Ng3 a4 26. h4 axb3 27. Qxb3 Bf7 28. Bc1 b5 29. Nb2 Rab8 30. Qd3 Nb6 31. cxb5 c4 32. Qd1 Bxa3 33. g5 fxg5 34. hxg5 d3 35. Nxd3 Rbd8 36. Bxa3 Rxd3 37. Qg4 Rxa3 38. Nf5 c3 39. Nh6+ Kh8 40. Qf5 Bg6 0-1

[Event "Abu Dhabi op 25th"]
[Site "Abu Dhabi"]
[Date "2018.08.14"]
[Round "8"]
[White "Hakobyan, Eduard"]
[Black "Thompson, Ian D"]
[Result "1-0"]
[WhiteElo "2134"]
[BlackElo "2156"]
[PlyCount "39"]
[EventDate "2018.08.07"]
[EventType "swiss"]
[EventRounds "9"]
[EventCountry "UAE"]
[SourceTitle "CBM 185 Extra"]
[Source "ChessBase"]
[SourceDate "2018.07.29"]
[SourceVersion "1"]
[SourceVersionDate "2018.07.29"]
[SourceQuality "1"]

1. e4 e6 2. d4 d5 3. Nd2 Nf6 4. e5 Nfd7 5. c3 c5 6. Bd3 Nc6 7. Ne2 cxd4 8. cxd4 f6 9. exf6 Qxf6 10. Nf3 h6 11. 0-0 Bd6 12. Ng3 0-0 13. Bb1 Rf7 14. Re1 Nf8 15. Nh5 Qd8 16. Ne5 Nxe5 17. dxe5 Bc5 18. Be3 Qb6 19. b3 Rxf2 20. Kxf2 1-0

[Event "Abu Dhabi op 25th"]
[Site "Abu Dhabi"]
[Date "2018.08.11"]
[Round "5"]
[White "Parnali, S Dharia"]
[Black "Hakobyan, Eduard"]
[Result "1/2-1/2"]
[WhiteElo "2218"]
[BlackElo "2134"]
[PlyCount "89"]
[EventDate "2018.08.07"]
[EventType "swiss"]
[EventRounds "9"]
[EventCountry "UAE"]
[SourceTitle "CBM 185 Extra"]
[Source "ChessBase"]
[SourceDate "2018.07.29"]
[SourceVersion "1"]
[SourceVersionDate "2018.07.29"]
[SourceQuality "1"]

1. d4 Nf6 2. Nf3 e6 3. c4 c5 4. d5 d6 5. Nc3 exd5 6. cxd5 g6 7. e4 a6 8. a4 Bg4 9. Be2 Bxf3 10. Bxf3 Bg7 11. 0-0 0-0 12. Bf4 Qe7 13. Qb3 Nbd7 14. Qxb7 Rfb8 15. Qc6 Ne8 16. a5 Ra7 17. Ra2 Rb4 18. Qc8 Rb8 19. Qc6 Ne5 20. Bxe5 Bxe5 21. Nd1 Nc7 22. Qa4 Nb5 23. Ne3 Nd4 24. Qd1 Rb4 25. Bg4 Rab7 26. Bc8 Rxb2 27. Rxb2 Rxb2 28. Bxa6 Ra2 29. Bd3 Rxa5 30. f4 Ra1 31. Qxa1 Ne2+ 32. Bxe2 Bxa1 33. Rxa1 Qxe4 34. Kf2 Qxf4+ 35. Bf3 Qxh2 36. Ra4 Qe5 37. Re4 Qf6 38. Nc4 h5 39. Kg3 Kg7 40. Ne3 Kh6 41. Kf2 Qb2+ 42. Be2 g5 43. g4 hxg4 44. Rxg4 Qb7 45. Rg1 1/2-1/2

[Event "Abu Dhabi op 25th"]
[Site "Abu Dhabi"]
[Date "2018.08.09"]
[Round "3"]
[White "Divya, Deshmukh"]
[Black "Hakobyan, Eduard"]
[Result "0-1"]
[WhiteElo "2172"]
[BlackElo "2134"]
[PlyCount "183"]
[EventDate "2018.08.07"]
[EventType "swiss"]
[EventRounds "9"]
[EventCountry "UAE"]
[SourceTitle "CBM 185 Extra"]
[Source "ChessBase"]
[SourceDate "2018.07.29"]
[SourceVersion "1"]
[SourceVersionDate "2018.07.29"]
[SourceQuality "1"]

1. e4 c6 2. Nc3 d5 3. Nf3 dxe4 4. Nxe4 Nf6 5. Ng3 h5 6. h4 Bg4 7. Be2 Nbd7 8. d4 e6 9. Ng5 Bxe2 10. Qxe2 Bd6 11. N3e4 Nxe4 12. Nxe4 Be7 13. c3 Nf6 14. Ng5 Qd5 15. 0-0 Qf5 16. Re1 Bd6 17. a4 0-0 18. Ne4 Nxe4 19. Qxe4 Qxe4 20. Rxe4 Rfe8 21. Bd2 f6 22. c4 Kf7 23. Bc3 Re7 24. b4 Rae8 25. b5 e5 26. bxc6 bxc6 27. Rae1 exd4 28. Rxe7+ Rxe7 29. Rxe7+ Kxe7 30. Bxd4 a6 31. Kf1 g5 32. g3 Ke6 33. Ke2 Be5 34. Bb6 Bb2 35. Be3 Kf5 36. f3 Be5 37. Kf2 Bd6 38. Bd4 Bc7 39. Be3 Bd8 40. Bd4 Ke6 41. Ke2 gxh4 42. gxh4 f5 43. Bf2 Ke5 44. Kd3 Kf4 45. Ke2 Be7 46. Be1 Bc5 47. Bd2+ Kg3 48. Bg5 Bg1 49. Be7 Kh3 50. Bf6 Bh2 51. Ke3 Bg3 52. Bc3 Kxh4 53. Ke2 Kg5 54. Kf1 Kf4 55. Kg2 Bh4 56. Bd4 Be1 57. Kf1 Bg3 58. Ke2 Bh4 59. Bc5 Ke5 60. Be3 Bd8 61. Kd3 Ba5 62. f4+ Kd6 63. Ke2 Bb4 64. Bf2 Kc7 65. Kd3 Bd6 66. Be3 Kd7 67. Ke2 h4 68. Kf3 Be7 69. Bd4 Kc7 70. Kg2 Bd6 71. Be3 c5 72. Kh3 Be7 73. Bf2 Kb6 74. Be1 Bf6 75. a5+ Kc7 76. Bxh4 Bc3 77. Be7 Bxa5 78. Bxc5 Bd2 79. Kg3 a5 80. Ba3 Kc6 81. Kf3 a4 82. Kg3 Be3 83. Kf3 Bd2 84. Kg3 Kb6 85. Bd6 Ka5 86. Bc7+ Kb4 87. Kh4 Kxc4 88. Bd6 Bb4 89. Be5 a3 90. Kg5 Bc3 91. Kxf5 a2 92. Ke4 0-1

[Event "Abu Dhabi op 25th"]
[Site "Abu Dhabi"]
[Date "2018.08.07"]
[Round "1"]
[White "Muthaiah, Al"]
[Black "Hakobyan, Eduard"]
[Result "1-0"]
[WhiteElo "2391"]
[BlackElo "2134"]
[PlyCount "67"]
[EventDate "2018.08.07"]
[EventType "swiss"]
[EventRounds "9"]
[EventCountry "UAE"]
[SourceTitle "CBM 185 Extra"]
[Source "ChessBase"]
[SourceDate "2018.07.29"]
[SourceVersion "1"]
[SourceVersionDate "2018.07.29"]
[SourceQuality "1"]

1. d4 d5 2. Bf4 Nf6 3. e3 Bf5 4. Bd3 Bxd3 5. cxd3 e6 6. Qb3 Qc8 7. Nc3 c6 8. Rc1 Na6 9. Nf3 Be7 10. 0-0 0-0 11. e4 Nb4 12. Qd1 dxe4 13. dxe4 Qd8 14. Qe2 Qa5 15. a3 Na6 16. Ne5 Nb8 17. b4 Qd8 18. Nc4 Ne8 19. Rfd1 Nd6 20. Bxd6 Bxd6 21. d5 exd5 22. exd5 Qc7 23. Nxd6 Qxd6 24. dxc6 Qxc6 25. Nd5 Qh6 26. Nc7 Nc6 27. Nxa8 Rxa8 28. Qe3 Qh5 29. Qc5 Qh4 30. b5 Nd8 31. Qd4 Qg5 32. h4 Qe7 33. Qd7 Qf8 34. Rc8 1-0

[Event "Abu Dhabi op 24th"]
[Site "Abu Dhabi"]
[Date "2017.08.19"]
[Round "5"]
[White "Hakobyan, Eduard"]
[Black "Alothman, Abdul Wahab"]
[Result "1-0"]
[WhiteElo "2164"]
[BlackElo "2047"]
[PlyCount "91"]
[EventDate "2017.08.14"]
[EventType "swiss"]
[EventRounds "9"]
[EventCountry "UAE"]
[SourceTitle "CBM 180 Extra"]
[Source "ChessBase"]
[SourceDate "2017.10.06"]
[SourceVersion "1"]
[SourceVersionDate "2017.10.06"]
[SourceQuality "1"]

1. e4 e6 2. d4 d5 3. Nd2 Be7 4. Bd3 c5 5. dxc5 Nf6 6. Ngf3 a5 7. 0-0 0-0 8. exd5 Qxd5 9. Nc4 Bxc5 10. Be3 Nbd7 11. Re1 b5 12. Bxc5 Qxc5 13. Nce5 Nb6 14. c3 Bb7 15. Qb3 b4 16. Rac1 Rac8 17. Qd1 Bd5 18. c4 Bb7 19. b3 Rcd8 20. Qc2 h6 21. Rcd1 Nbd7 22. Rd2 Qc7 23. Nxd7 Nxd7 24. Be4 Nc5 25. Bxb7 Nxb7 26. Red1 Rxd2 27. Rxd2 Rd8 28. Qd1 Rd6 29. Rxd6 Nxd6 30. Qd4 Nb5 31. Qe5 Qxe5 32. Nxe5 Na7 33. c5 f6 34. Nc4 Nc6 35. Kf1 e5 36. Ke2 Kf7 37. Kd3 Ke6 38. Nb6 f5 39. Kc4 Na7 40. Nd5 g5 41. Nc7+ Kd7 42. Nb5 Nxb5 43. Kxb5 e4 44. Kxa5 f4 45. Kxb4 g4 46. Kc3 1-0

[Event "EU-ch U12 26th"]
[Site "Prague"]
[Date "2016.08.22"]
[Round "5"]
[White "Hakobyan, Eduard"]
[Black "Bin Suhayl, Ieysaa"]
[Result "1-0"]
[WhiteElo "1776"]
[BlackElo "1899"]
[PlyCount "47"]
[EventDate "2016.08.18"]
[EventType "swiss"]
[EventRounds "9"]
[EventCountry "CZE"]
[SourceTitle "CBM 174 Extra"]
[Source "ChessBase"]
[SourceDate "2016.10.10"]
[SourceVersion "1"]
[SourceVersionDate "2016.10.10"]
[SourceQuality "1"]

1. e4 c5 2. Nf3 d6 3. c3 Nf6 4. Be2 Bd7 5. d3 g6 6. 0-0 Bg7 7. Nbd2 Nc6 8. a4 0-0 9. Nc4 d5 10. exd5 Nxd5 11. Re1 Qc7 12. Bg5 Rfe8 13. Nfd2 Rad8 14. Ne4 b6 15. Bf3 Bf5 16. Qb3 Rd7 17. Ned6 Rf8 18. Nxf5 gxf5 19. Bxd5 Rxd5 20. Nxb6 Rxd3 21. Nd5 Qd6 22. Nxe7+ Nxe7 23. Bxe7 Rb8 24. Bxd6 1-0

[Event "EU-ch U12 26th"]
[Site "Prague"]
[Date "2016.08.20"]
[Round "3"]
[White "Hakobyan, Eduard"]
[Black "Ognean, Mihnea Ionut"]
[Result "0-1"]
[WhiteElo "1776"]
[BlackElo "2037"]
[PlyCount "84"]
[EventDate "2016.08.18"]
[EventType "swiss"]
[EventRounds "9"]
[EventCountry "CZE"]
[SourceTitle "CBM 174 Extra"]
[Source "ChessBase"]
[SourceDate "2016.10.10"]
[SourceVersion "1"]
[SourceVersionDate "2016.10.10"]
[SourceQuality "1"]

1. e4 c5 2. Nf3 e6 3. d4 cxd4 4. Nxd4 a6 5. Bd3 Qc7 6. Qe2 d6 7. c4 Nf6 8. Nc3 Be7 9. 0-0 Nbd7 10. f4 b6 11. Bd2 Bb7 12. b4 0-0 13. Rac1 Rfe8 14. g4 g6 15. g5 Nh5 16. f5 Bf8 17. Qf2 exf5 18. exf5 Ne5 19. fxg6 hxg6 20. Nd5 Qd7 21. Be2 Ng4 22. Qg2 Bg7 23. Bxg4 Bxd4+ 24. Kh1 Bxd5 25. cxd5 Qb7 26. Rc4 Bg7 27. Qf3 Re5 28. Rc6 Rd8 29. Rfc1 b5 30. Bc3 Rxg5 31. h4 Rxg4 32. Qxg4 Bxc3 33. R1xc3 Qe7 34. Rc1 Qe5 35. Rd1 Ng3+ 36. Kg2 Nf5 37. Kh1 Ne3 38. Qf3 Nxd1 39. Qxd1 Qe6 40. Kg1 Qe4 41. Qd2 Re8 42. Qg2 Re5 0-1

[Event "EU-ch U12 26th"]
[Site "Prague"]
[Date "2016.08.19"]
[Round "2"]
[White "Bacrot, Alexandre"]
[Black "Hakobyan, Eduard"]
[Result "0-1"]
[WhiteElo "1961"]
[BlackElo "1776"]
[PlyCount "86"]
[EventDate "2016.08.18"]
[EventType "swiss"]
[EventRounds "9"]
[EventCountry "CZE"]
[SourceTitle "CBM 174 Extra"]
[Source "ChessBase"]
[SourceDate "2016.10.10"]
[SourceVersion "1"]
[SourceVersionDate "2016.10.10"]
[SourceQuality "1"]

1. e4 c5 2. Nf3 e6 3. d3 d5 4. Nbd2 Nc6 5. g3 Nf6 6. Bg2 Be7 7. 0-0 0-0 8. c3 Qc7 9. Re1 b6 10. e5 Nd7 11. Qe2 h6 12. Nf1 b5 13. h4 a5 14. N1h2 Ba6 15. Bf4 Rfe8 16. h5 b4 17. Ng4 Bf8 18. Qd2 Kh7 19. Rac1 bxc3 20. bxc3 Rab8 21. Ne3 Nb6 22. g4 f6 23. d4 fxe5 24. Nxe5 Nxe5 25. dxe5 Qf7 26. Bg3 c4 27. Nc2 Na4 28. Nd4 Rb2 29. Rc2 Reb8 30. Bh3 Bc8 31. f4 g6 32. hxg6+ Qxg6 33. Rec1 Qd3 34. Qf2 Bc5 35. f5 Nxc3 36. Rxc3 Bxd4 37. Rxd3 Bxf2+ 38. Bxf2 cxd3 39. Be3 d2 40. Rc7+ Kg8 41. Bxd2 Rxd2 42. f6 Rb1+ 43. Bf1 Ba6 0-1